000 00839nam0a22002651 4500
001 rc\163987
005 20030307112942.9
010 _a5-289-01407-1
_9300000
035 _a(NLR Aleph) 005428601
090 _a7553025
_c7553025
100 _a20030307d1991 u |0rusy50 ca
101 0 _arus
102 _aRU
105 _aa |||||||||
200 1 _aЭкономика домашнего хозяйства
_eПолез. советы
205 _a2-е изд., доп.
210 _aЛ.
_cЛениздат
_d1991
215 _a347, [1] с.
_cил.
_d20
700 1 _aКоробковский
_bГ. В.
_gГеннадий Васильевич
701 1 _aСмирнова
_bГ. А.
_gГалина Александровна
801 0 _aRU
_bNLR
_gpsbo
801 1 _aRU
_bELAR
_2rusmarc
852 _aNLR
_j91-3/8101
942 _cBOOK
980 _aNB